000 00844nam a22002297a 4500
999 _c16676
_d16676
003 AR-CdUCM
008 190504b ||||| |||| 00| 0 spa d
040 _aMUNICIPALIDAD PROVINCIAL DEL CUSCO
_cBIBLIOTECA MUNICIPAL DEL CUSCO
041 _hfr
082 _a194 /
_bC85
100 _aCresson, André
_936253
245 _aLa filosofía francesa /
260 _aBuenos Aires :
_bEudeba,
_c1963.
300 _a63 páginas ;
_c25 cm.
505 _aContenido: La evolución de la filosofía francesa desde la escolástica hasta la revolución -- La filosofía francesa desde la revolución hasta nuestros días.
650 _aFilosofía
_9395
650 _aCiencias sociales
_91096
650 _aEscolástica
_9464
700 _aMármora de Rozitchner, María Isabel (traducción)
_936254
942 _2ddc
_cLIBROS
945 _adavv
_d04/05/2019